Statistics for How Did That Empire Rise?

Click here to take the quiz!

General Stats

  • This quiz has been taken 32 times
  • The average score is 9 of 15

Answer Stats

QuestionAnswer% Correct
How did the British Empire rised?By a process called “Imperialism”
89%
How did the South Korean Empire rised?It never did even existed
79%
How did the Canadian Empire rised?It never even existed
79%
How did the Mexican Empire rised?By gaining independence from Spain
75%
How did the Mali Empire rised?Through gold trading
75%
How did the Aztec Empire rised?By starting wars and then start conquering them
71%
How did the Mayan Empire rised?By growing its agriculture and pottery and began trading with their neighbors
68%
How did the Nigerian Empire rised?It never even existed
68%
How did the Luxembourgish Empire rised?It never even existed
68%
How did the Stanistan Empire rised?It never even existed
68%
How did the second French Empire rised?By being under the leadership of Napoleon
54%
How did the Mughal Empire rised?By capturing a city called “Delhi”
43%
How did the Dutch Empire rised?Dutch merchantmen double their trades with the Baltic
32%
How did the Japanese Empire rised?Supporters of the emperor Meiji overthrew Yoshinobu
25%
How did the Soviet Union rised?By starting a civil war
14%

Score Distribution

Percentile by Number Answered

Percent of People with Each Score

Your Score History

You have not taken this quiz